01046ntm a22002657a 450000500170000000800410001704000280005808200170008610000250010324500970012824600460022526000100027130000390028150001870032059000100050765000470051765300230056465500090058770000240059670000250062077700090064594200080065499900170066295201010067920170813145803.0170802s2011 xx a frb 000 0 eng d aEG-ScBUEbengcEG-ScBUE04222a624bMAG1 aMagdy. Donia Medhat.10aContemporary forms of mosques :cDonia Medhat Magdy.bmosques: traditional Vs contemporary / aContemporary forms of religious buildings c2011. axi, 73 p. :bill. (col.) ;c28 cm. aA dissertation submitted to the faculty of engineering the British University in Egypt,in partial fulfillment of the requirements for the bachelor degree in architectural engineering anagwa 72BUEshaArchitectural EngineeringvProjects bENGARCcAugust2017 vSPRO1 aRashed, Ahmed.eths1 aSheweka, Samar.eths ASPRO 2ddc c25240d25212 00102ddc4070aMAINbMAINc2NDd2017-08-08l0o624 MAGp000046705r2025-07-15 00:00:00yPROJST